zpět

Detail výsledku týmu

Chicago Bar & Grill ČT, Liberec

Datum a čas kvízu

36.5 Celkem bodů Celkový počet nahraných bodů na tomto kvízu bez doplňovacích otázek.
4. Pořadí na kvízu Konečné umístění týmu na tomto kvízu.

Zaznamenané odpovědi

# Otázka Odpověď Body Výsledky
1. Starosta jedné městské části T... v Brně 0
2. Koncem týdne jsme se dozvěděli... Skype 1
3. Animovaná maminka jisté postav... Prasátko Peppa 1
4. V úterý sjel z výrobní linky p... 815 0
5. Ve středu odstartoval v norské... klasické (severské) lyžování 1
6. Které souostroví se v češtině... Kapverdy 1
7. V jistém městě v Královéhradec... Červený Kostelec 1
8. Která známá historická osobnos... Adolf Hitler 1
9. Na území kterého státu USA lež... Wyomingu 0
10. Jak se nazývá německé pohoří,... Černý les (Schwarzwald) 1